[Event "3rd Kolkata GM Open 2018"]
[Site "Kolkata"]
[Date "2018.05.17"]
[Round "4"]
[White "Short, Nigel D"]
[Black "Vignesh N R"]
[Result "1/2-1/2"]
[WhiteElo "2656"]
[BlackElo "2485"]
[Annotator "TA"]
[PlyCount "30"]
[EventDate "2018.??.??"]
[EventType "swiss"]
[EventCountry "IND"]
[SourceTitle "playchess.com"]
[Source "ChessBase"]
[SourceQuality "1"]

{[%evp 9,30,20,12,-13,-3,0,4,0,16,25,21,20,22,18,24,18,6,12,30,0,0,0,33]} 1. e4 c5 2. Nc3 d6 3. f4 Nc6 4. Nf3 g6 5. Bb5 Bd7 6. a4 {B23: Closed Sicilian: Lines without g3} Bg7 7. O-O e6 8. f5 exf5 9. exf5 $146 ({Of course not} 9. Bxc6 bxc6 10. exf5 Bxf5 $15) ({Predecessor:} 9. d3 Nge7 10. Qe1 O-O 11. Qh4 f6 12. Bc4+ Kh8 13. Nb5 Be8 {0-1 (39) Carlsen,M (2855)-Giri,A (2782) Leuven 2016}) 9... Bxf5 10. d4 $1 {[%cal Rd4d5] [#] d5 is the strong threat.} cxd4 11. Nxd4 Nge7 12. Bg5 {Strongly threatening Nxc6.} Qb6 13. Be3 Qd8 14. Bg5 {[#] Black must now prevent Nxc6.} (14. Nd5 $5) 14... Qb6 15. Be3 Qd8 1/2-1/2

[Event "3rd Kolkata GM Open 2018"]
[Site "Kolkata"]
[Date "2018.05.17"]
[Round "4"]
[White "Karthikeyan, Murali"]
[Black "Srijit Paul"]
[Result "1-0"]
[WhiteElo "2617"]
[BlackElo "2347"]
[Annotator "TA"]
[PlyCount "61"]
[EventDate "2018.??.??"]
[EventType "swiss"]
[EventCountry "IND"]
[SourceTitle "playchess.com"]
[Source "ChessBase"]
[SourceQuality "1"]

{[%evp 19,61,19,27,7,16,25,36,40,33,27,24,-21,56,54,61,66,61,64,77,52,113,89,104,87,97,65,217,212,280,269,367,375,286,206,200,208,210,207,649,641,528,538,1163,1148]} 1. e4 c5 2. Nf3 Nc6 3. Nc3 Nf6 4. Bb5 g6 5. h3 Bg7 6. Bxc6 dxc6 7. d3 Qc7 8. Be3 {B31: Sicilian: 2...Nc6 3 Bb5 g6} b6 9. Qd2 e5 (9... O-O 10. O-O e5 11. Bh6 Nh5 12. Bxg7 Kxg7 13. Ne2 f6 14. Nh2 Be6 15. b3 a5 16. a4 Rad8 17. f4 Nxf4 18. Nxf4 exf4 19. Qxf4 Qxf4 20. Rxf4 f5 21. exf5 Rxf5 22. Rxf5 Bxf5 {1-0 (59) Moiseenko,V (2543)-Gluhovsky,M (2312) Sochi 2017}) 10. Bh6 O-O {LiveBook: 7 Games} 11. g4 Be6 $146 ({Predecessor:} 11... a5 12. Bxg7 Kxg7 13. Ne2 a4 14. a3 Qe7 15. Qg5 Re8 {½-½ (30) Toropov,M (2367)-Zlotkowski,A (2323) ICCF email 2011}) 12. Ne2 c4 13. Bxg7 Kxg7 14. g5 Nd7 15. d4 exd4 (15... f5 $11) 16. Nfxd4 $14 Nc5 17. O-O-O Kg8 18. f3 Rad8 19. h4 {[%cal Bh3h4,Bh4h5][%mdl 32]} Qe5 (19... Bc8 $14) 20. Qe3 Rd6 21. h5 Bc8 22. Rd2 Ba6 $2 (22... b5 $14) 23. Kb1 $18 Re8 24. Nc3 Ne6 25. Nxe6 {aiming for Nc7.} Qxe6 26. f4 {hxg6 is the strong threat.} Rxd2 27. Qxd2 Bb7 {[#]} 28. Qh2 $1 {Black must now prevent hxg6.} ({Don't play} 28. hxg6 $6 fxg6 29. Rf1 Rf8 $16) 28... Kf8 $2 (28... Qd7 29. Rd1 Qe6) 29. hxg6 {White is clearly winning.} hxg6 30. a3 c5 {[#]} 31. Nd5 $1 {[%mdl 512] Precision: White = 70%, Black = 31%.} 1-0

[Event "3rd Kolkata GM Open 2018"]
[Site "Kolkata"]
[Date "2018.05.17"]
[Round "4"]
[White "Aravindh, Chithambaram VR."]
[Black "Gukesh D"]
[Result "0-1"]
[WhiteElo "2597"]
[BlackElo "2426"]
[Annotator "TA"]
[PlyCount "114"]
[EventDate "2018.??.??"]
[EventType "swiss"]
[EventCountry "IND"]
[SourceTitle "playchess.com"]
[Source "ChessBase"]
[SourceQuality "1"]

{[%evp 14,114,13,14,31,24,24,18,41,11,26,0,0,0,18,6,19,15,25,0,14,4,27,0,56,35,81,78,80,84,99,65,87,25,29,28,25,-6,0,-97,-35,-162,-151,-136,84,82,75,54,108,108,101,101,103,104,106,96,152,156,161,156,146,150,141,78,79,79,78,78,79,79,79,63,60,60,72,0,78,78,78,78,78,78,78,78,78,78,78,78,87,86,93,93,100,72,79,79,78,78,335,0,0,-104,-104]} 1. c4 c6 2. Nf3 d5 3. g3 Nf6 4. Bg2 g6 5. O-O Bg7 6. d4 dxc4 7. a4 O-O 8. Na3 {LiveBook: 40 Games. D73: Fianchetto Grünfeld: 5 Nf3} a5 (8... Be6 9. Ng5 Qc8 10. Qc2 Rd8 11. Nxe6 Qxe6 12. e3 {½-½ (37) Jumabayev,R (2603)-Zubov,A (2623) Bastia 2017}) 9. Nxc4 Be6 10. b3 {White has an edge.} Na6 {[%cal Bb8a6,Ba6b4,Bb4a2][%mdl 32]} 11. Ba3 $146 ({Predecessor:} 11. Bb2 Bd5 12. e3 Nb4 13. Qe2 Be4 14. Ne1 Bxg2 15. Nxg2 Ne4 16. Rfd1 Qc7 17. Rac1 Na2 18. Rc2 Nb4 19. Rcc1 Na2 20. Rc2 Nb4 {½-½ (20) Konopka,M (2489)-Jirka,J (2393) Czechia 2006}) 11... Nb4 12. Rc1 Na2 13. Ra1 Nb4 14. e3 Bd5 15. Rc1 Na2 16. Ra1 Nb4 17. Qe2 b5 18. Nce5 Qb6 (18... bxa4 $11 19. bxa4 Ne4) 19. Rac1 Bxb3 20. Bxb4 axb4 21. Rxc6 Qa5 22. axb5 {Hoping for Nd2.} Ba4 23. Nd2 (23. Rc5 $16 Ne4 24. Nc6) 23... Bxb5 $11 24. Ndc4 Qa4 25. Qd2 Rab8 26. Rc7 (26. Qb2 $11 {remains equal.} Bxc6 27. Nxc6) 26... b3 (26... Ne8 $1 $17 {[%cal Re8c7]} 27. Rc5 Bxe5 28. dxe5 Ng7) 27. Qc3 {[#]} (27. Rc1 $15) 27... Ne8 $1 $19 {[%cal Re8c7]} 28. Rc5 {Threatens to win with Ra1.} Nd6 $2 (28... Bxe5 $17 {keeps the pressure on.} 29. dxe5 Qa7 30. Rxb5 Rxb5) 29. Ra1 $16 Bxc4 30. Rxc4 Qb5 ({Black should try} 30... Qxa1+ $14 31. Qxa1 Bxe5) 31. Rc5 $36 {[%mdl 2048] White is in control.} Qb4 32. Nc6 Qxc3 33. Nxe7+ Kh8 34. Rxc3 {Strongly threatening Rb1.} b2 ({Better is} 34... Nb5 35. Rxb3 Nxd4 36. Rxb8 Ne2+ 37. Kf1 Rxb8) 35. Rb1 Rb5 36. Rc2 Rfb8 37. Nc6 R8b6 38. Na7 (38. e4 $142) 38... Ra5 39. Rcxb2 Rxb2 40. Rxb2 {aiming for Rb8+.} Bxd4 41. Rb8+ Kg7 42. Nc6 Ra1+ 43. Bf1 Bf6 44. Rb4 (44. Kg2 $16) 44... Rc1 (44... Bc3 $1 $11) 45. Nd4 h5 46. h4 Rd1 47. Nf3 Ra1 48. Kg2 Ra2 49. Bd3 Ra3 50. Bb1 Rc3 51. Rb6 Nc4 52. Rb7 Rc1 53. Ng1 Ne5 54. Nh3 Rd1 55. Nf4 {Bxg6! is the strong threat.} Rd2 $2 {[%mdl 8192] [#]} (55... Kf8 $16) 56. Be4 $2 (56. Bxg6 $1 $18 {[%mdl 512]} Bxh4 (56... Nxg6 57. Nxh5+) 57. Bxf7 (57. Nxh5+ Kxg6 58. Nf4+ Kg5 $16)) 56... Ng4 $11 57. Bd5 (57. Kg1 $11 Rd1+ 58. Kg2) 57... Nxe3+ $1 {Precision: White = 47%, Black = 54%.} 0-1

[Event "3rd Kolkata GM Open 2018"]
[Site "Kolkata"]
[Date "2018.05.17"]
[Round "4"]
[White "Sandipan, Chanda"]
[Black "Rathnakaran, K.."]
[Result "1-0"]
[WhiteElo "2573"]
[BlackElo "2377"]
[Annotator "TA"]
[PlyCount "87"]
[EventDate "2018.??.??"]
[EventType "swiss"]
[EventCountry "IND"]
[SourceTitle "playchess.com"]
[Source "ChessBase"]
[SourceQuality "1"]

{[%evp 22,87,74,47,47,61,65,43,37,35,44,33,53,53,61,33,68,76,74,54,161,166,153,166,152,164,150,157,164,160,216,216,213,202,187,162,187,197,364,287,352,348,372,369,405,447,983,922,1016,1011,1004,993,1064,1068,1043,1065,1041,1046,1012,1012,997,990,971,959,945,847,818,768]} 1. d4 Nf6 2. c4 g6 3. Nc3 Bg7 4. e4 d6 5. Be2 O-O 6. Bg5 Na6 7. Nf3 h6 8. Be3 {E91: King's Indian: Classical: 6 Be2, unusual replies including 6...c5 and 6...Bg4} Ng4 9. Bc1 e5 10. O-O c6 11. d5 f5 12. g3 {LiveBook: 3 Games} f4 $1 13. Nh4 g5 $1 14. Bxg4 gxh4 15. gxf4 exf4 16. Kh1 {[#]} Nc5 $146 ({Predecessor:} 16... Be5 17. Rg1 Kh7 18. Bd2 Qf6 19. Bh5 Rg8 20. Rxg8 Kxg8 21. Qf3 {1-0 (21) Sandipan,C (2566)-Bogdanovich,S (2564) Sanya City 2017}) 17. Rg1 {And now b4 would win.} Kh8 18. Qf3 Bxc3 19. Qxc3+ Qf6 {White must now prevent ...Qxc3.} 20. Qf3 $1 {Bd2 is the strong threat.} Qe5 (20... cxd5 $1 $14 21. exd5 (21. cxd5 Qe5 $11) 21... Bxg4 22. Rxg4 Rae8) 21. Bxc8 $1 $18 Raxc8 22. Bd2 $1 {[%cal Rd2c3] aiming for Bc3.} Nxe4 23. Bc3 $1 {[%cal Rc3e5]} Nxc3 24. Rae1 $1 {[%cal Re1e5]} Qf5 {[%cal Rc3d5]} 25. Re6 Rf6 (25... Rc7 $16) 26. Qg2 $40 {[%csl Gg1][%cal Rg2g7][%mdl 128] White has strong attack.} ({Don't play} 26. Qxc3 Rcf8 $16) 26... Qg5 27. Qxg5 hxg5 28. Rxf6 {[%mdl 4096] Endgame KRR-KRN} Ne4 {[#]} 29. Re6 $1 {[%cal Re6e4]} Nxf2+ (29... cxd5 $142 30. f3 (30. cxd5 Nxf2+ 31. Kg2 Rc2 $14) 30... Nf2+ 31. Kg2 Nd3) 30. Kg2 Ng4 31. h3 Ne5 32. c5 $1 cxd5 33. cxd6 Rc2+ {[#]} (33... f3+ $142 34. Kh1 f2) 34. Kf1 $1 Rc1+ 35. Ke2 f3+ 36. Kd2 Rxg1 37. Rxe5 {Threatening mate with d7. KR-KR} f2 38. d7 f1=Q 39. d8=Q+ Kg7 40. Re7+ Qf7 41. Rxf7+ Kxf7 42. Qxd5+ Kg6 43. Qxb7 Rg3 44. Qd7 {Precision: White = 98%, Black = 48%.} 1-0

[Event "3rd Kolkata GM Open 2018"]
[Site "Kolkata"]
[Date "2018.05.17"]
[Round "4"]
[White "Tukhaev, Adam"]
[Black "Anand Nadar"]
[Result "1-0"]
[WhiteElo "2551"]
[BlackElo "2368"]
[Annotator "TA"]
[PlyCount "34"]
[EventDate "2018.??.??"]
[EventType "swiss"]
[EventCountry "IND"]
[SourceTitle "playchess.com"]
[Source "ChessBase"]
[SourceQuality "1"]

{[%evp 15,34,16,38,15,15,15,16,12,9,15,14,8,27,6,7,0,17,10,20,0,22]} 1. e4 c6 2. d4 d5 3. exd5 cxd5 4. Bd3 Nc6 5. c3 Qc7 6. Ne2 Bg4 7. O-O {B13: Caro-Kann: Exchange Variation and Panov-Botvinnik Attack} Nf6 8. Qe1 e6 {LiveBook: 8 Games} 9. Bf4 $146 {White is slightly better.} (9. f3 {is more complex.} Bh5 10. Qh4 h6 11. Qh3 e5 12. Re1) ({Predecessor:} 9. h3 Bh5 10. Nf4 Bg6 11. Nxg6 hxg6 12. Nd2 Bd6 13. Nf3 Nh5 14. Qe2 Nf4 15. Bxf4 Bxf4 {1-0 (64) Piorun,K (2642)-Donchenko,A (2574) Berlin 2018}) 9... Bd6 10. Bxd6 Qxd6 11. Ng3 O-O 12. Na3 {[%cal Bb1a3,Ba3c2,Bc2d4][%mdl 32]} Rfe8 13. Qd2 e5 14. dxe5 Nxe5 {The position is equal.} 15. Nc2 Rad8 16. Nd4 Nc4 17. Qc2 Qf4 {[%mdl 32768] Loss on Time!?} 1-0

[Event "3rd Kolkata GM Open 2018"]
[Site "Kolkata"]
[Date "2018.05.17"]
[Round "4"]
[White "Vishnu Prasanna. V"]
[Black "Saurabh Anand"]
[Result "1-0"]
[WhiteElo "2532"]
[BlackElo "2294"]
[Annotator "TA"]
[PlyCount "109"]
[EventDate "2018.??.??"]
[EventType "swiss"]
[EventCountry "IND"]
[SourceTitle "playchess.com"]
[Source "ChessBase"]
[SourceQuality "1"]

{[%evp 15,109,14,2,1,37,32,53,40,52,47,46,46,57,55,58,52,55,43,47,43,59,42,41,47,40,38,43,33,45,35,53,40,63,53,61,54,44,25,72,72,72,73,83,75,287,91,287,285,368,365,576,536,522,505,425,379,1128,976,1322,1018,1581,1647,1657,1650,1554,1572,1350,915,1939,1933,29970,29971,29968,2351,29968,6532,29980,29981,29982,29983,29984,29985,29985,29986,29986,29987,29987,29988,29988,29989,29989,29990,29990,29990,29991,29991]} 1. c4 e6 2. Nc3 d5 3. d4 Be7 4. Nf3 Nf6 5. e3 O-O 6. b3 c5 {D37: Damengambit (5.Lf4)} 7. dxc5 Bxc5 (7... dxc4 8. Bxc4 Bxc5 9. O-O Nc6 10. Bb2 Qe7 11. a3 Rd8 12. Qc2 Bd7 13. Ng5 h6 14. Nge4 Nxe4 15. Nxe4 {1-0 (43) Mamedyarov,S (2799)-Cheparinov,I (2710) Riadh 2017}) 8. Bb2 Nc6 {LiveBook: 6 Partien. Die Stellung ist ausgeglichen.} 9. Be2 b6 (9... dxc4 {is interesting.} 10. Bxc4 Qxd1+ 11. Rxd1 b6 12. O-O Bb7) 10. cxd5 Nxd5 $146 ({Vorgänger:} 10... exd5 11. Bb5 Bb7 12. Bxc6 Bxc6 13. Nd4 Bd7 14. h3 {½-½ (34) Ternault,M (2244)-Dubois,P (2090) Sautron 2014}) 11. Nxd5 Qxd5 12. Qxd5 exd5 13. O-O Bb7 14. Rfd1 Rfd8 15. a3 Rac8 16. h3 Bf8 17. b4 g6 18. Rd2 Bg7 19. Bxg7 Kxg7 20. Rad1 Ne7 21. Nd4 a6 22. Rd3 Rd6 23. Kf1 f5 24. f4 (24. g4 {looks sharper.} h6 25. Kg2 Kf6 26. Bf3 Rd7 27. Kg3) 24... Nc6 25. Nxc6 Bxc6 26. Rc3 Rdd8 27. Rdc1 Bb7 28. Rc7+ Kf6 29. g4 {[%cal Bg2g4,Bg4g5][%mdl 32]} Re8 $2 (29... Ke6 $16) 30. g5+ $18 Ke6 {[#]} 31. e4 $1 {[%cal Re4f5]} Rxc7 32. Rxc7 Re7 (32... Bc8 {ist eine bessere Verteidigung.} 33. e5 Bd7 34. Bxa6 Re7) 33. exf5+ gxf5 34. Rxe7+ Kxe7 {[%mdl 4096] Endspiel KL-KL} 35. Bf3 Ke6 $2 (35... h6 36. gxh6 Kf6) 36. Ke2 Bc8 37. Kd3 Kd6 38. Kd4 Be6 39. h4 {[%cal Bh3h4,Bh4h5,Bh5h6][%mdl 32]} Bf7 40. h5 Be6 41. h6 {Schwarz muss nun g6! beachten.} Bf7 42. a4 {[%cal Ba3a4,Ba4b5][%mdl 32]} Bg8 {[#]} 43. g6 $1 {[%mdl 512]} hxg6 {[#]} 44. Bxd5 $1 {[%mdl 512]} Bh7 (44... Bxd5 45. h7) 45. b5 axb5 46. axb5 {Weiß setzt Matt.} Ke7 47. Ke5 Kf8 48. Kf6 Bg8 49. Bxg8 Kxg8 50. Kxg6 Kh8 51. Kxf5 {KB-KB} Kh7 52. Kg5 Kg8 53. Kg6 Kh8 54. f5 Kg8 55. Kf6 {Precision: Weiß = 78%, Schwarz = 39%.} 1-0

[Event "3rd Kolkata GM Open 2018"]
[Site "Kolkata"]
[Date "2018.05.17"]
[Round "4"]
[White "Burmakin, Vladimir"]
[Black "Saravana, Krishnan P."]
[Result "1/2-1/2"]
[WhiteElo "2528"]
[BlackElo "2360"]
[Annotator "TA"]
[PlyCount "73"]
[EventDate "2018.??.??"]
[EventType "swiss"]
[EventCountry "IND"]
[SourceTitle "playchess.com"]
[Source "ChessBase"]
[SourceQuality "1"]

{[%evp 12,73,26,6,21,6,31,4,33,23,30,19,28,12,28,-8,22,0,-2,-27,-25,-26,-15,-18,0,-23,0,7,0,-15,0,0,0,0,29,30,16,0,23,14,94,93,124,85,90,61,63,60,60,77,64,49,64,62,132,79,141,31,22,21,33,0,8,0]} 1. Nf3 Nf6 2. g3 b5 3. Bg2 Bb7 4. O-O e6 5. d3 Be7 6. e4 d6 7. c3 {LiveBook: 11 Games} a6 {A05: Réti Opening: 1 Nf3 Nf6} (7... Nbd7 8. Nd4 c6 9. f4 O-O 10. Be3 a6 11. Nd2 Rb8 12. h3 Qc7 13. g4 c5 14. Ne2 d5 15. e5 {1-0 (25) Cuhendi,S (2404)-Lajthajm,B (2465) Novi Sad 2017}) 8. a4 Nbd7 9. Na3 O-O 10. axb5 $146 ({Predecessor:} 10. Bd2 Nc5 11. axb5 axb5 12. Be3 c6 13. e5 Nd5 14. d4 Nd7 15. Nc2 Rxa1 16. Qxa1 {0-1 (68) Aguettaz,M (2065)-Ohl,C France 2000}) 10... axb5 11. Nd4 c6 12. Re1 Qc7 13. Be3 Rfe8 14. Ndc2 d5 15. f3 e5 16. Bf2 Rad8 17. exd5 Nxd5 18. d4 b4 19. cxb4 Nxb4 20. Qd2 Nd5 21. Nc4 {[%cal Rd4e5]} exd4 22. Nxd4 Bf8 23. Rxe8 Rxe8 24. Nb3 Ne5 25. Nxe5 Bb4 (25... Qxe5 $11 26. f4 Qh5) 26. Qd4 $16 Qxe5 27. Qxe5 Rxe5 28. f4 Re2 29. Ra7 Bc8 30. Ra8 Re8 31. Bc5 Bxc5+ 32. Nxc5 Nb6 (32... Kf8 $14) 33. Rb8 (33. Bxc6 $142 Nxa8 34. Bxe8) 33... Nd7 {[#]} ({Black should play} 33... Nd5) 34. Nxd7 (34. Rxc8 $1 $16 {[%mdl 512]} Rxc8 35. Nxd7) 34... Bxd7 $14 35. Rb7 Rd8 $1 36. b4 Be8 $1 37. Rb6 {Precision: White = 43%, Black = 36%.} 1/2-1/2

[Event "3rd Kolkata GM Open 2018"]
[Site "Kolkata"]
[Date "2018.05.17"]
[Round "4"]
[White "Shyam, Sundar M."]
[Black "Koustav Chatterjee"]
[Result "1/2-1/2"]
[WhiteElo "2518"]
[BlackElo "2364"]
[Annotator "TA"]
[PlyCount "60"]
[EventDate "2018.??.??"]
[EventType "swiss"]
[EventCountry "IND"]
[SourceTitle "playchess.com"]
[Source "ChessBase"]
[SourceQuality "1"]

{[%evp 15,60,18,0,0,9,9,10,0,0,0,-2,0,7,-46,-43,-47,-55,-53,-47,-51,-41,-62,-54,-42,-4,-15,0,-33,-29,-37,0,0,59,0,39,0,0,0,0,0,0,0,0,0,0,-20,-13]} 1. e4 c5 2. Nf3 d6 3. d4 cxd4 4. Nxd4 Nf6 5. Nc3 a6 6. Be3 Ng4 7. Bg5 h6 8. Bc1 {B90: Sicilian Najdorf: Unusual White 6th moves, 6 Be3 Ng4 and 6 Be3 e5} Nf6 {LiveBook: 37 Games} (8... Nc6 9. Nxc6 bxc6 10. Bc4 e5 11. b3 Be7 12. Bb2 O-O 13. Qe2 Nf6 14. O-O-O Be6 15. Bxe6 fxe6 {1-0 (40) Hou,Y (2666)-Navara,D (2737) Biel 2017}) 9. f3 e5 10. Nb3 Be6 11. Be3 Nbd7 12. Qd2 Be7 13. O-O-O b5 14. Nd5 $146 (14. h4 $11) ({Predecessor:} 14. Kb1 b4 15. Nd5 Bxd5 16. exd5 a5 17. Bb5 a4 18. Nc1 {½-½ (18) Grimm,D (2271)-Takacs,B (2354) Heviz 2013}) 14... Bxd5 $15 15. exd5 Nb6 $1 16. Bxb6 Qxb6 17. Kb1 O-O 18. g4 {[%cal Bg2g4,Bg4g5][%mdl 32]} a5 19. a3 {[%cal Ba2a3,Ba3a4][%mdl 32]} Rfc8 20. h4 Rc7 21. g5 Nh5 $1 22. Bd3 b4 23. a4 $1 Rac8 (23... g6 $11) 24. Bf5 (24. f4 $1 $14) 24... Rd8 25. Bg4 Nf4 {The position is equal.} 26. gxh6 gxh6 27. Bf5 Kh8 28. Rdg1 h5 29. Rg3 Bf6 30. Be4 Rcc8 {Precision: White = 64%, Black = 66%.} 1/2-1/2

[Event "3rd Kolkata GM Open 2018"]
[Site "Kolkata"]
[Date "2018.05.17"]
[Round "4"]
[White "Tran, Tuan Minh"]
[Black "Suvrajit, Saha"]
[Result "1/2-1/2"]
[WhiteElo "2512"]
[BlackElo "2217"]
[Annotator "TA"]
[PlyCount "281"]
[EventDate "2018.??.??"]
[EventType "swiss"]
[EventCountry "IND"]
[SourceTitle "playchess.com"]
[Source "ChessBase"]
[SourceQuality "1"]

{[%evp 16,281,23,10,12,-32,-28,-67,-15,-26,-17,-27,-34,-34,-29,-30,13,30,31,24,22,0,33,23,26,29,41,47,62,0,0,-35,0,-20,-11,-14,0,-64,10,0,8,17,73,-26,-20,-27,-22,-27,-27,-28,-27,-18,0,0,0,0,38,10,11,-15,-22,-28,0,-37,0,0,734,695,665,570,553,540,508,208,208,195,218,206,214,147,135,135,143,33,68,33,31,0,0,0,0,0,13,13,25,35,175,178,187,173,152,139,161,166,166,157,156,162,165,162,145,0,110,88,149,154,144,143,165,164,192,184,186,185,179,179,227,205,187,183,210,205,233,160,150,136,204,203,133,120,158,158,152,125,174,181,193,183,188,182,176,203,117,276,245,243,263,252,252,249,301,124,139,124,122,116,109,109,114,122,137,0,286,289,412,408,427,405,408,202,178,105,105,0,0,0,0,0,0,0,0,0,0,0,0,0,137,136,123,116,116,115,104,0,0,0,0,0,0,-8,-8,-8,-8,-8,-8,-8,-8,-8,-8,-8,-8,-8,-8,-8,-8,-8,0,-8,-8,-8,-8,-8,-8,-8,-8,-8,-8,-8,-8,-13,-8,-8,-8,-8,-8,-8,-8,-8,-8,-8,-8,-8,-8,-8,-8,-29,-8,-8,-8,-8,-8,-8,-8,-10,-8,-8,-11,-45]} 1. d4 e6 2. c4 Nf6 3. Nc3 Bb4 4. e3 O-O 5. Bd3 d5 6. a3 dxc4 7. Bxc4 Be7 8. Nf3 {[%cal Bg1f3,Bf3e5,Be5g4][%mdl 32]} c5 9. O-O a6 {E51: Nimzoindisch (Moderne Variante)} (9... Nbd7 10. e4 cxd4 11. Nxd4 Ne5 12. Be2 Bd7 13. Be3 Nc6 14. Rc1 Nxd4 15. Bxd4 Bc6 16. Qd3 Nd7 17. Qg3 e5 {1-0 (44) Milov,V (2690)-Kortschnoj,V (2598) Baku 2008}) 10. Ne5 $146 ({Vorgänger:} 10. Bd3 Nbd7 11. Qe2 b5 12. dxc5 Nxc5 13. Bc2 Bb7 14. e4 Qc7 15. Bg5 h6 16. Bh4 Nh5 17. Bxe7 Qxe7 {½-½ (64) Hellsten,J (2570)-Berg,E (2589) Gothenburg 2006}) 10... b5 11. Qf3 Ra7 (11... Qc7 $1 $15 12. Be2 (12. Qxa8 Bb7 $17) 12... Nbd7) 12. Bd3 Rc7 13. Rd1 Bb7 14. Qh3 Nbd7 15. Ng4 c4 16. Bc2 Qa8 17. f3 Rd8 18. Kh1 Rcc8 19. Nxf6+ Nxf6 20. e4 Nd7 21. Be3 e5 22. Rd2 (22. Nd5 $14 Bxd5 23. exd5) 22... exd4 $11 23. Rxd4 Nc5 24. Rad1 Rxd4 25. Bxd4 Rd8 26. e5 (26. Nd5 $1 $11 Bxd5 27. exd5) 26... g6 {[#]} (26... h6 $1 $15 27. Be3 Rxd1+ 28. Nxd1 Qd8) 27. e6 $1 {[%cal Re6f7][%mdl 512] jetzt exf7+ und aus.} f6 (27... Nxe6 28. Bxg6) 28. Qg4 Kg7 (28... Nd3 $1 $11 29. Bxd3 cxd3) 29. h4 (29. Ne2 $1 $16) 29... Qc8 $1 {[%cal Rc8e6]} 30. Bf5 {[#] Weiss will h5 spielen.} Nd3 $1 {[%mdl 512]} 31. Bxd3 cxd3 32. Rxd3 Qc4 33. Rd1 Bc8 34. Qf4 Qxe6 35. Ne4 Rd7 36. h5 {[%cal Bh4h5,Bh5h6][%mdl 32]} Qf5 37. h6+ Kf7 38. Qb8 Bb7 39. Re1 Qh5+ (39... Bxe4 $5 40. Rxe4 Bd8 $15) 40. Kg1 {Weiss will mit Sxf6! Matt setzen.} Qh4 $2 {[%mdl 8192]} (40... Bxe4 $11 41. Rxe4 Qxh6) 41. Bf2 Qxh6 42. Nc5 Bc6 43. Nxd7 Bxd7 {[#]} 44. Qb7 (44. Rxe7+ $142 $1 {[%mdl 512]} Kxe7 45. Bc5+ Kf7 46. Qd6 Qc1+ 47. Kh2 Qh6+ 48. Kg3 Qg5+ 49. Kf2 Qh4+ 50. Ke2 Qc4+ 51. Kd2) 44... Qd2 $18 45. Qe4 Bd6 46. Bd4 Kg7 47. Qh4 g5 48. Qf2 Qf4 {[#]} 49. b4 ({Lieber} 49. g3 $1 $16 {[%cal Rg3f4][%mdl 512]} Qf5 (49... Qxg3+ 50. Qxg3) 50. g4) 49... Qh2+ $14 50. Kf1 Bf5 51. Rd1 (51. Qd2 $5 {[%cal Rd2g5]} Qh1+ 52. Bg1 $14) 51... Be6 52. Ke2 Bg3 53. Qg1 Qh4 54. Kd3 Qf4 55. Qe3 Bf5+ (55... Bc4+ $1 $14 56. Kc3 Qxe3+ 57. Bxe3 Kg6) 56. Ke2 $18 Qxe3+ 57. Bxe3 {[%mdl 4096] Endspiel KTL-KL} Be6 58. Bf2 Be5 59. Bd4 Bf4 60. Kf2 h5 61. Bc5 Bc7 62. Bd6 $1 {[%cal Rd6c7]} Bb6+ 63. Bc5 Bc7 64. Rc1 {Und Lf8+! würde nun gewinnen.} Be5 ({Günstiger ist} 64... Kf7) 65. Be3 $16 Bc4 66. Rd1 $1 Be6 67. Rd8 $1 Bb2 68. Rd6 Kf7 69. Rxa6 Bb3 70. Rd6 Bc4 71. Bd4 Ke7 72. Bc5 ({Keinesfalls} 72. Bxb2 $6 Kxd6 73. Bxf6 g4 $14) 72... Kf7 73. Ra6 Bb3 74. Ra5 Ba4 75. Ra7+ Ke6 (75... Kg6 $16 76. Ke3 h4) 76. Re7+ $18 Kd5 77. Re3 h4 78. Rd3+ $1 Kc4 79. Ke2 Bb3 80. Be7 Be5 81. Rd8 $1 Kc3 82. Rf8 $1 Bc4+ 83. Kf2 Bd4+ 84. Ke1 Kb3 85. Bxf6 Be3 86. Ra8 Bf4 87. Kf2 Bg3+ 88. Kg1 (88. Ke3 $18 {und der Rest ist Schweigen.}) 88... Bf4 $16 89. Be7 Be3+ 90. Kh1 Bf4 91. Ra6 Bd3 92. Rc6 Bc4 93. Ra6 (93. Kg1 $16) 93... Bd5 $2 {[%mdl 8192]} (93... Bd3 $1 $11) 94. Rg6 $18 Kxa3 (94... Bc1 {ist eine bessere Verteidigung.} 95. Kg1 (95. Bxg5 Bxa3 96. Rb6 Ka4 $18) 95... Bc4) 95. Bxg5 Bg3 96. Be7 Be1 97. Kh2 (97. Rg5 $142 Bc4 98. f4) 97... Bxb4 98. Bxb4+ (98. Bxh4 $18 Kb3 99. Rb6) 98... Kxb4 {KT-KL} 99. Kh3 (99. f4 $1 $16 {[%cal Rf4f5]} Kc5 100. Rg5) 99... Kc3 $11 100. Kxh4 b4 101. Rd6 Bc4 102. f4 b3 103. f5 b2 104. Rd1 $1 {[%cal Rd1g1]} Kc2 105. Re1 Kd2 (105... b1=R $11 {bleibt in der Remisbreite.} 106. Rxb1 Kxb1) 106. Rg1 Be2 {zielt auf ...Ld1 ab.} 107. f6 Bd1 108. f7 b1=Q {[#] ( -> ...Dh7+)} 109. f8=Q {KDT-KDL} ({Weiss kommt nicht vorbei an} 109. Rxd1+ $1 $16 {[%mdl 512]} Qxd1 110. f8=Q Qe1+ 111. g3) 109... Qh7+ 110. Kg5 Qh5+ 111. Kf6 Qh4+ 112. Ke6 {Schwarz muss nun Dd6+ beachten.} Bb3+ 113. Ke5 Qg5+ 114. Kd6 {Und weiter mit Df2+ wäre nett.} Qd5+ 115. Kc7 {Db4+ ist eine echte Drohung.} Qa5+ 116. Kd7 Qa7+ 117. Kd8 Qb6+ 118. Ke7 Qc5+ 119. Ke8 Qc6+ 120. Ke7 {Droht Df4+ und aus.} Qc5+ (120... Qc7+ {is more complex.} 121. Kf6 Qf4+ 122. Kg7 Qg3+ 123. Kf6 Qf2+) 121. Ke8 Qxg1 (121... Qc8+ {with more complications.} 122. Ke7 Qc7+ 123. Kf6 Qf4+ 124. Kg7 Qg3+) 122. Qb4+ Kc2 123. Qe4+ Kb2 124. Qe5+ Ka3 125. Qd6+ Ka4 126. g3 Bc4 127. Kf8 Qf2+ 128. Qf4 Qc5+ 129. Kg7 Qe7+ 130. Kh6 Qe6+ 131. Kg5 Qg8+ 132. Kh4 Qh7+ 133. Kg5 Qg7+ 134. Kh4 Qe7+ 135. Kh3 Kb3 136. g4 {Die Stellung ist ausgeglichen.} Bd5 137. Kg3 Qe1+ 138. Qf2 Qc3+ 139. Kh4 Qh8+ 140. Kg3 Qe5+ 141. Kh4 {Precision: Weiß = 63%, Schwarz = 57%.} (141. Qf4 $5 {[%cal Rf4e5]} Qe1+ 142. Kh3 $15) 1/2-1/2